000 03249nam a2200421 a 4500
003 CHAP
005 20251201140839.0
007 cr ||||||a|c|a
008 101216s2010 mx r 00010 spa d
035 _a111834
040 _cCHAP
090 _aTesis
100 1 _aAlvarez Merino, Samuel Jaime
_94946
245 1 0 _aImpacto de las remesas y alternativas para el desarrollo comunitario :
_bel caso de Yetla de Juárez, Oaxaca
_c/por Samuel Jaime Alvarez Merino; director de tesis César Adrian Ramírez Miranda.
264 1 _aChapingo, Méx. :
_bEl autor,
_c2010.
300 _a1 recurso en línea (206 páginas).
336 _2rdacontent
_atexto
_btxt
337 _2rdamedia
_acomputadora
_bc
338 _2rdacarrier
_arecursos en línea
_bcr
502 _bMCSR
_d2010.
_gMAE
_cDCRU
520 _aLas remesas que ingresan al país como resultado del fenómeno migratorio internacional, atraen la atención por su magnitud y significación tanto en el país de origen como en el de destino y así lo certifican las cifras que vierten los diferentes organismos nacionales e internacionales. La comunidad Yetla de Juárez ubicada en la Mixteca Baja Oaxaqueña, ostenta condiciones naturales que de manera general y vistas en el contexto regional, son relativamente favorables para la producción. De aquí se desprende el objetivo principal del presente estudio, que está dirigido al análisis de la potencialidad del uso de las remesas resultado de la migración internacional a EE.UU., para propiciar mejores condiciones de desarrollo comunitario, en particular, a partir de su impacto en la actividad agrícola. Se analizó si las remesas podrían articularse para financiar proyectos productivos en el lugar de origen con una lógica centrada en los recursos comunitarios y la participación de los diferentes actores para el desarrollo comunitario. Por ello resultó de interés conocer las causales de la migración que ahí se desarrolla y la manera en que se distribuyen las remesas al recibirse, lo que nos condujo al análisis de la potencialidad de las remesas para su uso en proyectos productivos en el contexto de Yetla de Juárez, considerando también las alternativas que se han ejecutado en otros ámbitos y que plantean la posibilidad de re direccionar los recursos para convertirlos en ejes del desarrollo y finalmente con los elementos analizados en la investigación, se establecieron los elementos para la factibilidad de los proyectos productivos impulsados con remesas.
590 _aALEPH
_b10
_c20130110
590 _aBATCH-UPD
_b10
_c20130110
590 _aBATCH-UPD
_b10
_c20140324
590 _aBATCH-UPD
_b10
_c20141002
590 _aBATCH
_b00
_c20181121
590 _aCONVERSION
_b10
_c20130109
650 1 4 _aDesarrollo de la comunidad rural
_zOaxaca.
_932043
650 1 4 _aTrabajadores migratorios
_xOaxaca.
_9114476
700 1 _eDirector de tesis
856 _uhttp://10.13.5.2/tesis/111834.pdf
_zDESCARGAR PDF
901 _aBK
942 _cTD
_2Clasificación Universidad Autónoma Chapingo
949 _aTesis
_bBC
_cTES
_d33724002224702
_eTS1
_gDonaciØn
_h51681
_i111834
_sb
949 _aTesis
_bBC
_cTES
_d33724002224743
_eTS2
_fc.2
_gDonaciØn
_h51682
_i111834
_sb
999 _c100175
_d100175